Joies en el temps : exposició de treballs finals dels alumnes no reglats de Joieria exposició de treballs finals dels alumnes no reglats de Joieria
Descripción Física:
1 f. plegat en 4 parts : il. col., fot. ; 17 x 36 cm plegat a 17 x 7 cm
MARC
| LEADER | 00000nam a2200000Ia 4500 | ||
|---|---|---|---|
| 001 | 24342 | ||
| 003 | BGR | ||
| 005 | 20260324180615.0 | ||
| 008 | 160829s9999 xx 000 0 cat d | ||
| 080 | |a FU-64-157 | ||
| 245 | |a Joies en el temps : |b exposició de treballs finals dels alumnes no reglats de Joieria | ||
| 260 | |a Barcelona : |b Diputació de Barcelona. Àrea d'Educació. Escola d'Arts i Oficis, [2002] | ||
| 300 | |a 1 f. plegat en 4 parts : |b il. col., fot. ; |c 17 x 36 cm plegat a 17 x 7 cm | ||
| 590 | |a Fulletó informatiu de la exposició, titulada: "Joies en el temps" (del 18 de febrer al 15 de març de 2002) a l'Escola d'Arts i Oficis | ||
| 610 | 2 | 0 | |a Escola d'Arts i Oficis (Barcelona, Catalunya) |v Exposicions |9 55876 |
| 710 | 2 | |a Escola d'Arts i Oficis (Barcelona, Catalunya) |9 55874 | |
| 901 | |a Arxiu | ||
| 942 | |n 1 |2 udc |c MON | ||
| 952 | |0 0 |1 0 |4 0 |6 FU64157 |7 1 |9 55694 |a Arxiu |b Arxiu |d 2016-12-01 |l 0 |o FU-64-157 |p 24342 |r 2016-12-01 00:00:00 |w 2016-12-01 |y ARXIU | ||
| 999 | |c 59567 |d 59567 | ||